| 000 | 00854nam a2200277 a 4500 | ||
|---|---|---|---|
| 001 | 000116000 | ||
| 003 | CHAP | ||
| 005 | 20220329144556.0 | ||
| 008 | 190827s2004 mx |r| ||||p|spa d | ||
| 010 | _a112461 | ||
| 011 | _a113433 | ||
| 040 | _cCHAP | ||
| 082 | 0 | 4 |
_a861 _bR17a |
| 100 | 1 |
_aRamos, Raymundo. _9136686 |
|
| 245 | 1 | 4 |
_aLos arcanos de las islas / _cpor Raymundo Ramos; editado por Alfredo Castro Mondragón; coordinado por Frida Varina Ramos Koprivitza. |
| 260 |
_aMorelos : _bQuadrivium, _c2004. |
||
| 300 | _a67 p. | ||
| 590 |
_aE11695DGD _b10 _c20190827 _lUCH01 _h1213 |
||
| 590 |
_aE5765TAJ _b05 _c20190827 _lUCH01 _h1040 |
||
| 650 | 1 | 4 |
_aPoesía mexicana. _990146 |
| 700 | 1 |
_aCastro Mondragón, Alfredo _eed. _9136456 |
|
| 700 | 1 |
_aRamos Koprivitza, Frida Varinia _ecoord. _9136661 |
|
| 901 | _aBK | ||
| 942 | _cLIBRO | ||
| 942 | _n0 | ||
| 999 |
_c112461 _d112461 |
||